Music Quiz

Random Music or Lyrics Quiz

Weird Al's Albuquerque Quiz Stats

 Plays Quiz Updated Feb 28, 2020

Support Sporcle.
Go Orange.
Score 0/28 Timer 12:00
0 Plays Today
Hint Answer % Correct
'Everything was just ______' (fruit related adjective)PEACHY!!!
95%
Number of survivors when the plane crashesone
84%
Al was off by this manythree
76.2%
Among the many things he carried was one of these, his 'lucky-lucky autographed glow in the dark' _______snorkel
67.9%
Al protests: that snorkel has been just like ______ to mesnorkel
67.9%
What his mother fed him every morninga big old bowl of sauerkraut
67.4%
Age until which he was tied to the wall for questioning his mothertwenty six and a half years old
66.2%
Before hunting down the one-nostriled man, Al decides to buy some of thesedonuts
61.2%
All he has is a box of these creaturesone dozen starving, crazed weasels
60.7%
'The guy behind the counter' has to check only for this food item, only to not have any of that eitherbear claws
60.5%
Al suspects, and is right, that the person knocking on his door at the room has this kind of haircut (identified by a band)Flock of Seagulls
59.6%
The reason Al survivedCause I had my tray table up/And my seat back in the full upright position (x3)
59.2%
Chain of hotels at which he arrivesHoliday Inn
56.7%
Nationality of the 'large women' he sat betweenAlbanian
56.1%
Hint Answer % Correct
Al then loses his train of thought, revealing the point of the song to be (three words)I hate sauerkraut
54.9%
And this foodsalted peanuts
54.1%
The in-flight movie was this Pauly Shore movieBio-Dome
54.1%
Later Al interprets too literally a man's claim that 'he hasn't had a bite in three days' by biting his ______ ____jugular vein
53.2%
Album on which the song appearedRunning With Scissors
53.2%
After a misunderstanding leads to the guy losing his arms and legs, he gets this 'really cool nickname'Torso-Boy
52.4%
The radio station held a contest to see who could guess the number of molecules on this actors behindLeonard Nimoy
50.7%
and _______Superfly
50%
The flight attendants ran out of this sodaDr. Pepper
49.6%
What the air smells like at the 'magical place' he imagines while tied to the wallwarm root beer
47.8%
Al then reveals his lifelong dream to be a part time job at this restaurant chainThe Sizzler
44.5%
Al then runs into the girl of his dreams, namedZelda
43.3%
They get married and have two children named, _________Nathaniel
43.2%
But then she wants Al to join this group, leading to a breakupthe Columbia Record Club
39.8%

From the Vault

Ends in 'G' per Letter

by sproutcm

'G' we wonder how this quiz will end. *cough cough* Is this thing on? Don't forget to tip your waitress.
Remove Ads.
Support Sporcle.
Get the best of Sporcle when you Go Orange. This ad-free experience offers more features, more stats, and more fun while also helping to support Sporcle. Thank you for becoming a member.

Show Comments

Extras

Top Quizzes Today


Score Distribution

Your Account Isn't Verified!

In order to create a playlist on Sporcle, you need to verify the email address you used during registration. Go to your Sporcle Settings to finish the process.

Report this User

Report this user for behavior that violates our Community Guidelines.

Details: